[Event "Bosnjaci op 27th"]
[Site "Bosnjaci"]
[Date "2023.01.05"]
[Round "4"]
[White "Sipic, Hrvoje"]
[Black "Saric, Ante"]
[Result "0-1"]
[WhiteElo "2241"]
[BlackElo "2512"]
[PlyCount "70"]
[EventDate "2023.01.03"]
[EventType "swiss"]
[EventRounds "9"]
[EventCountry "CRO"]
[SourceTitle "CBM 212 Extra"]
[Source "ChessBase"]
[SourceDate "2023.03.31"]
[SourceVersion "1"]
[SourceVersionDate "2023.03.31"]
[SourceQuality "1"]

1. c4 e6 2. g3 d5 3. Bg2 Nf6 4. Nf3 dxc4 5. Qc2 Nbd7 6. Qxc4 c5 7. 0-0 b6 8. d4 Bb7 9. Nc3 Rc8 10. Rd1 a6 11. Qd3 b5 12. e4 b4 13. e5 c4 14. Qe2 bxc3 15. exf6 Nxf6 16. bxc3 Be7 17. Bf4 0-0 18. Rab1 Be4 19. Rb2 Ba3 20. Rbd2 Qa5 21. Qe3 Bc6 22. Ne5 Bxg2 23. Kxg2 Nd5 24. Qf3 Qxc3 25. Qg4 Nxf4+ 26. gxf4 Qa5 27. d5 c3 28. Rd3 f5 29. Qg5 h6 30. Qh5 c2 31. Rg3 Rc7 32. Qxh6 cxd1Q 33. Qxe6+ Rff7 34. Rxg7+ Kxg7 35. Qg6+ Kf8 0-1